00454nam a2200193Ia 45000030006000000050017000060080041000230200018000640400009000820410012000910820024001031000015001272450023001422500008001652600033001733000008002065050023002146500023002370Nust20170105110248.0161124s9999 xx 000 0 und d a0-582-23927-3 cIGIS aEnglish a912.01 4019 19bKEA aKeates J S aUnderstanding Maps a2nd aEnglandbLongman Pressc1996 a334 aUnderstanding Maps aUnderstanding Maps